EX LIBRIS Hlohovec 2002

Bibliographic Details
Main Author: Žemlová, Jana (Author)
Format: Article
Language:Slovak
ISSN:1210-096X
Subjects:

MARC

LEADER 00000nab a2200000 a 4500
001 vtls000809372
003 SK-MaSNL
005 20260415132800.0
008 250429c2002 xo 0 slo
015 |a SNBRB2002/10-31870 
035 |a CLN000161027 
035 |a urn:nbn:sk:snk-ab6k8n 
035 |a (uuid)247bca30-2560-4c21-a017-a361558ea703 
035 |a (urnnbn)urn:nbn:sk:snk:ar-0051tp 
040 |a SNKBUCL  |b slo  |c SNKBUCL  |e AACR2 
041 0 |a slo 
044 |a xo  |c SK 
080 |a 027.52(437.6):097  |2 1997 
080 |a 097:027.52(437.6)  |2 1997 
100 1 |a Žemlová, Jana  |4 aut  |9 1294681 
245 1 0 |a EX LIBRIS Hlohovec 2002  |c Jana Žemlová 
610 7 |a Mestská knižnica (Hlohovec, Slovensko)  |2 snkbucl  |9 247678 
611 1 7 |a EX LIBRIS  |n 6.  |d 2002  |c Hlohovec, Slovensko  |2 snkbucl  |9 1436459 
650 0 7 |a exlibrisy  |x súťaže výtvarné  |x 2002  |2 snkbucl  |9 1436458 
655 7 |a články z novín a časopisov  |2 snkbucl  |9 267496 
773 0 |t Knižnice a informácie  |g Roč. 34, č. 3-4 (2002), s. 190  |x 1210-096X 
850 |a Slovenská národná knižnica 
852 |a Slovenská národná knižnica 
954 |a odborná, vedecká literatúra pôvodná (slovenská)  |2 lita 
957 |a 203 
958 |a article2022 
958 |a SK 
958 |a KL 
958 |a OND 
958 |a EUIPO 
992 |a RBX 
999 |c 2892236  |d 2894166